| 000 | 00958nam a2200253 a 4500 | ||
|---|---|---|---|
| 005 | 20080908155745.0 | ||
| 008 | 080610s2008 nyua 001 0 eng | ||
| 010 | _aENG-91299 | ||
| 020 |
_a9788189913960 _c695.00 |
||
| 035 | _aEN-74832 | ||
| 037 | _bDBAD / PUB | ||
| 040 |
_adpl _bEnglish |
||
| 082 | _a333.790954 | ||
| 100 | _aPradhan, B.K. | ||
| 245 |
_aPower sector in India: _cby B.K. Pradhan _bissues and challenges / |
||
| 260 |
_aNew Delhi _bAlfa Publications _c2008 |
||
| 270 |
_a4398/5, Ansari Road, Daryaganj, _bNew Delh _e110002 |
||
| 300 |
_avii, 296p. _c22 cm (Hb) |
||
| 500 | _aIncludes bibliographical references and index | ||
| 650 | _aPower resources | ||
| 650 |
_aEnergy policy _zIndia |
||
| 942 |
_2ddc _cEN _mPRA _h333.790954 |
||
| 999 |
_c16654 _d16654 |
||